[Event "Chess.com Classic Play In"]
[Site "Chess.com INT"]
[Date "2024.05.08"]
[Round "3"]
[White "Kozak, Adam"]
[Black "Grischuk, Alexander"]
[Result "1-0"]
[WhiteElo "2607"]
[BlackElo "2728"]
[PlyCount "77"]
[EventDate "2024.05.08"]
[EventType "swiss (rapid)"]
[EventRounds "9"]
[EventCountry "USA"]
[SourceTitle "CB20_2024"]
[SourceDate "2024.05.16"]
[SourceVersion "1"]
[SourceVersionDate "2024.05.16"]
[SourceQuality "1"]

1. d4 d5 2. c4 c6 3. Nc3 Nf6 4. e3 e6 5. Nf3 Nbd7 6. Qc2 Bd6 7. b3 0-0 8. Be2 b6 9. 0-0 Bb7 10. Bb2 Rc8 11. Rad1 c5 12. cxd5 cxd4 13. dxe6 dxc3 14. exd7 Qxd7 15. Ba3 Bd5 16. Bxd6 Qxd6 17. Bd3 Qc5 18. Nd4 Rfe8 19. Ne2 Bb7 20. Ng3 g6 21. a4 Qe5 22. Bc4 Be4 23. Nxe4 Nxe4 24. Rd5 Qf6 25. Rd4 Nd2 26. Rf4 Qe5 27. Bxf7+ Kg7 28. Bxe8 Nxf1 29. Bd7 Rc7 30. Bb5 Nd2 31. Bd3 Qd5 32. Bc4 Nxc4 33. Qxc3+ Qe5 34. Rd4 Na5 35. Rd7+ Kh6 36. Rxc7 Qd5 37. Qg7+ Kg5 38. h4+ Kg4 39. Qd7+ 1-0

[Event "Chess.com Classic Play In"]
[Site "Chess.com INT"]
[Date "2024.05.08"]
[Round "5"]
[White "Samadov, Read"]
[Black "Grischuk, Alexander"]
[Result "0-1"]
[WhiteElo "2504"]
[BlackElo "2728"]
[PlyCount "56"]
[EventDate "2024.05.08"]
[EventType "swiss (rapid)"]
[EventRounds "9"]
[EventCountry "USA"]
[SourceTitle "CB20_2024"]
[SourceDate "2024.05.16"]
[SourceVersion "1"]
[SourceVersionDate "2024.05.16"]
[SourceQuality "1"]

1. d4 d5 2. c4 c6 3. Nf3 Nf6 4. Nc3 dxc4 5. a4 Bf5 6. Ne5 e6 7. f3 Bb4 8. e4 Bxe4 9. fxe4 Nxe4 10. Bd2 Qxd4 11. Nxe4 Qxe4+ 12. Qe2 Bxd2+ 13. Kxd2 Qd5+ 14. Kc3 0-0 15. Qe3 b5 16. Be2 Nd7 17. Nxd7 Qxd7 18. Kc2 a6 19. Rhd1 Qe7 20. Bf3 Rac8 21. axb5 axb5 22. Ra7 Qh4 23. h3 c5 24. Rdd7 b4 25. Rxf7 Rxf7 26. Qxe6 Qf2+ 27. Be2 b3+ 28. Kd2 Rd8+ 0-1

[Event "RUS-chT 31th"]
[Site "Sochi"]
[Date "2024.05.04"]
[Round "4.7"]
[White "Yeletsky, Ivan"]
[Black "Grischuk, Alexander"]
[Result "0-1"]
[WhiteElo "2505"]
[BlackElo "2728"]
[PlyCount "108"]
[EventDate "2024.05.01"]
[EventType "team-tourn"]
[EventRounds "9"]
[EventCountry "RUS"]
[SourceTitle "CB20_2024"]
[SourceDate "2024.05.16"]
[SourceVersion "1"]
[SourceVersionDate "2024.05.16"]
[SourceQuality "1"]
[WhiteTeam "Moscow Temus"]
[BlackTeam "Moscow KPRF"]
[WhiteTeamCountry "RUS"]
[BlackTeamCountry "RUS"]

1. e4 e5 2. Nf3 Nc6 3. Bb5 a6 4. Ba4 Nf6 5. 0-0 Be7 6. d3 b5 7. Bb3 d6 8. a3 0-0 9. Nc3 Rb8 10. h3 h6 11. Re1 Re8 12. Bd2 Bf8 13. a4 b4 14. Nd5 Na5 15. Ba2 Nxd5 16. Bxd5 c6 17. Ba2 c5 18. Rb1 Be6 19. Bxe6 Rxe6 20. c3 d5 21. cxb4 cxb4 22. Rc1 Qd7 23. Qc2 Rd8 24. Qc7 dxe4 25. Qxd7 Rxd7 26. Rxe4 Nb3 27. Rc8 Nxd2 28. Nxd2 Rxd3 29. Nf3 g6 30. Rxe5 Rxe5 31. Nxe5 Rd1+ 32. Kh2 Kg7 33. f4 Bd6 34. Ra8 g5 35. Rxa6 gxf4 36. Nf3 Bc5 37. h4 Bf2 38. g3 fxg3+ 39. Kh3 Rh1+ 40. Kg2 Rb1 41. h5 Rxb2 42. Nh4 Kh7 43. Nf5 Be1+ 44. Kg1 Rh2 45. Rxh6+ Kg8 46. Ne7+ Kf8 47. Nf5 Ke8 48. Rh8+ Kd7 49. h6 b3 50. Rb8 b2 51. Rb7+ Kc6 52. Rb3 Bf2+ 53. Kf1 Rh1+ 54. Kg2 Rg1+ 0-1

[Event "Titled Tuesday intern op 30th Apr Early"]
[Site "Chess.com INT"]
[Date "2024.04.30"]
[Round "10"]
[White "Grischuk, Alexander"]
[Black "Firouzja, Alireza"]
[Result "1/2-1/2"]
[WhiteElo "2728"]
[BlackElo "2760"]
[PlyCount "179"]
[EventDate "2024.04.30"]
[EventType "swiss (blitz)"]
[EventRounds "11"]
[EventCountry "USA"]
[SourceTitle "CB19_2024"]
[SourceDate "2024.05.08"]
[SourceVersion "1"]
[SourceVersionDate "2024.05.08"]
[SourceQuality "1"]

1. d4 Nf6 2. Bg5 e6 3. c4 h6 4. Bh4 c5 5. d5 g5 6. Bg3 exd5 7. cxd5 d6 8. e4 Bg7 9. Nc3 0-0 10. Bd3 b5 11. Nxb5 Nxe4 12. Bxe4 Qa5+ 13. Nc3 Re8 14. Nge2 Rxe4 15. 0-0 Rb4 16. Bxd6 Rxb2 17. Qc1 Rb4 18. Qe3 Nd7 19. a3 Rb3 20. Rab1 Rxb1 21. Rxb1 Nf6 22. Bxc5 Bf5 23. Bb4 Qa6 24. Re1 Re8 25. Qd2 Qc4 26. h3 Nd7 27. Ng3 Rxe1+ 28. Qxe1 Bg6 29. Qe8+ Bf8 30. Nce4 Qxd5 31. Nf6+ Nxf6 32. Qxf8+ Kh7 33. Bc3 Qc6 34. Bb2 Qb6 35. Be5 Qe6 36. Bd4 g4 37. h4 h5 38. Qd8 Ne8 39. Bxa7 Qe1+ 40. Kh2 Qe6 41. Bd4 f6 42. a4 Bd3 43. a5 Kg6 44. Qc7 Bc4 45. Qf4 Nd6 46. Qe3 Qd5 47. Bc5 Nf7 48. Bd4 Nd8 49. Qf4 Qe6 50. Be3 Nf7 51. Qe4+ Qxe4 52. Nxe4 Ne5 53. Nc5 Nc6 54. a6 Kf5 55. Kg3 Ke5 56. f3 gxf3 57. gxf3 f5 58. Bf4+ Kd5 59. Be3 Ke5 60. Nd7+ Ke6 61. Nb8 f4+ 62. Kxf4 Ne7 63. a7 Bd5 64. Bc5 Ng6+ 65. Kg5 Ne5 66. Kxh5 Nxf3 67. Kg4 Ne5+ 68. Kg3 Nd3 69. Be3 Nb4 70. h5 Kf5 71. h6 Kg6 72. Kf2 Nc2 73. Ke2 Nb4 74. Kd2 Kh7 75. Kc3 Na2+ 76. Kd4 Ba8 77. Ke5 Nb4 78. Kd6 Bf3 79. Nd7 Ba8 80. Nf6+ Kg6 81. h7 Kg7 82. Bh6+ Kh8 83. Ke7 Nd5+ 84. Kf7 Nxf6 85. Bg7+ Kxh7 86. Bxf6 Bb7 87. Bg7 Ba8 88. Bf6 Bb7 89. Bg7 Ba8 90. Bf6 1/2-1/2

[Event "Titled Tuesday intern op 30th Apr Early"]
[Site "Chess.com INT"]
[Date "2024.04.30"]
[Round "2"]
[White "Yeritsyan, Hayk"]
[Black "Grischuk, Alexander"]
[Result "1-0"]
[WhiteElo "2203"]
[BlackElo "2728"]
[PlyCount "61"]
[EventDate "2024.04.30"]
[EventType "swiss (blitz)"]
[EventRounds "11"]
[EventCountry "USA"]
[SourceTitle "CB19_2024"]
[SourceDate "2024.05.08"]
[SourceVersion "1"]
[SourceVersionDate "2024.05.08"]
[SourceQuality "1"]

1. e4 e5 2. Nf3 Nc6 3. Nc3 Nf6 4. d4 exd4 5. Nxd4 Bb4 6. Nxc6 bxc6 7. Bd3 d5 8. Bd2 0-0 9. 0-0 Rb8 10. h3 Re8 11. Re1 h6 12. Rb1 Be6 13. e5 Nd7 14. f4 Nc5 15. Qf3 Nxd3 16. Qxd3 Qh4 17. f5 Bd7 18. Re2 d4 19. Be1 Qg5 20. e6 fxe6 21. Qxd4 Qe7 22. Ne4 e5 23. Qc4+ Kh7 24. f6 gxf6 25. Rd1 Be6 26. Qxc6 Rb6 27. Qxe8 Bc5+ 28. Kh1 Qxe8 29. Nxf6+ Kg6 30. Nxe8 Bxa2 31. Bc3 1-0

[Event "Titled Tuesday intern op 02nd Apr Late"]
[Site "Chess.com INT"]
[Date "2024.04.02"]
[Round "2"]
[White "Grischuk, Alexander"]
[Black "De Boer, Eelke"]
[Result "1-0"]
[WhiteElo "2728"]
[BlackElo "2399"]
[PlyCount "91"]
[EventDate "2024.04.02"]
[EventType "swiss (blitz)"]
[EventRounds "11"]
[EventCountry "USA"]
[SourceTitle "CB15_2024"]
[SourceDate "2024.04.10"]
[SourceVersion "1"]
[SourceVersionDate "2024.04.10"]
[SourceQuality "1"]

1. d4 Nf6 2. c4 e6 3. Bg5 d5 4. e3 h6 5. Bh4 Be7 6. Nc3 0-0 7. Qc2 a6 8. cxd5 exd5 9. Nf3 Nc6 10. a3 Re8 11. Bd3 Bg4 12. 0-0 Bxf3 13. gxf3 g5 14. Bg3 Bd6 15. Qb3 Bxg3 16. hxg3 Qd6 17. Kg2 b5 18. Rh1 Kg7 19. Qc2 b4 20. Na4 Rab8 21. Rhc1 Na5 22. Qxc7 Qxc7 23. Rxc7 bxa3 24. Rxa3 Nc4 25. Bxc4 dxc4 26. Rxc4 Re6 27. Nc5 Reb6 28. b3 h5 29. Rca4 Rb5 30. Rxa6 g4 31. Rxf6 Kxf6 32. Nd7+ Kf5 33. Nxb8 Rxb8 34. Ra5+ Kg6 35. Ra6+ f6 36. Ra3 Kg5 37. e4 Rb4 38. d5 Rd4 39. Ra2 gxf3+ 40. Kxf3 Rd3+ 41. Ke2 Rxb3 42. d6 Rb6 43. d7 Rb8 44. Rd2 Rd8 45. Rd5+ Kg6 46. Kf3 1-0

[Event "Titled Tuesday intern op 02nd Apr Late"]
[Site "Chess.com INT"]
[Date "2024.04.02"]
[Round "9"]
[White "Kukhmazov, Arsen"]
[Black "Grischuk, Alexander"]
[Result "1-0"]
[WhiteElo "2504"]
[BlackElo "2728"]
[PlyCount "51"]
[EventDate "2024.04.02"]
[EventType "swiss (blitz)"]
[EventRounds "11"]
[EventCountry "USA"]
[SourceTitle "CB15_2024"]
[SourceDate "2024.04.10"]
[SourceVersion "1"]
[SourceVersionDate "2024.04.10"]
[SourceQuality "1"]

1. d4 e6 2. c4 Nf6 3. Nf3 d5 4. g3 Bb4+ 5. Bd2 Be7 6. Bg2 c6 7. 0-0 Nbd7 8. Qc2 Ne4 9. Nc3 Nxd2 10. Nxd2 0-0 11. Rfd1 Rb8 12. a3 a5 13. e4 dxc4 14. Nxc4 b5 15. Ne3 Qb6 16. Rac1 Rd8 17. d5 Ne5 18. Qe2 h6 19. h3 Bf8 20. Kh2 Bc5 21. Re1 Bxe3 22. Qxe3 Qxe3 23. Rxe3 b4 24. axb4 axb4 25. Na4 Bd7 26. Nc5 1-0

[Event "Titled Tuesday intern op 12th Mar Late"]
[Site "Chess.com INT"]
[Date "2024.03.12"]
[Round "10"]
[White "Grischuk, Alexander"]
[Black "Rasulov, Vugar Ural Oglu"]
[Result "1-0"]
[WhiteElo "2732"]
[BlackElo "2550"]
[PlyCount "83"]
[EventDate "2024.03.12"]
[EventType "swiss (blitz)"]
[EventRounds "11"]
[EventCountry "USA"]
[SourceTitle "CB12_2024"]
[SourceDate "2023.10.01"]
[SourceVersion "1"]
[SourceVersionDate "2023.10.01"]
[SourceQuality "1"]

1. d4 Nf6 2. c4 e6 3. Bg5 c5 4. d5 exd5 5. cxd5 d6 6. e4 Be7 7. Bf4 0-0 8. Nd2 Re8 9. Bd3 Bf8 10. Ne2 Na6 11. 0-0 Nb4 12. Bb1 b6 13. a3 Na6 14. Nc3 Nc7 15. Bd3 a6 16. a4 Rb8 17. Qc2 b5 18. b3 g6 19. h3 Bg7 20. Rae1 Rb6 21. Re2 Nd7 22. a5 Rb7 23. Bxd6 Be5 24. Bxe5 Nxe5 25. f4 Nxd3 26. Qxd3 f5 27. d6 Ne6 28. e5 Nd4 29. Re3 Be6 30. Ne2 Nxb3 31. Nxb3 c4 32. Qd2 cxb3 33. Nd4 Bc4 34. Rb1 b4 35. Nxb3 Bxb3 36. Rexb3 Qxa5 37. Rxb4 Kh8 38. Qd4 Rxb4 39. Rxb4 Kg8 40. Kh2 Qa2 41. Rb7 Qe6 42. Qa7 1-0

[Event "Titled Tuesday intern op 12th Mar Late"]
[Site "Chess.com INT"]
[Date "2024.03.12"]
[Round "2"]
[White "Grischuk, Alexander"]
[Black "Skotheim, Andreas"]
[Result "1-0"]
[WhiteElo "2732"]
[BlackElo "2214"]
[PlyCount "57"]
[EventDate "2024.03.12"]
[EventType "swiss (blitz)"]
[EventRounds "11"]
[EventCountry "USA"]
[SourceTitle "CB12_2024"]
[SourceDate "2023.10.01"]
[SourceVersion "1"]
[SourceVersionDate "2023.10.01"]
[SourceQuality "1"]

1. d4 Nf6 2. c4 e6 3. Bg5 Bb4+ 4. Nd2 h6 5. Bh4 d5 6. e3 c5 7. dxc5 g5 8. Bg3 Ne4 9. Ngf3 g4 10. a3 Bxc5 11. Nxe4 dxe4 12. Qxd8+ Kxd8 13. Ne5 Ke8 14. Nxg4 Nd7 15. Ne5 Nb6 16. b4 Be7 17. c5 Nd5 18. Bb5+ Kf8 19. 0-0 Rg8 20. Rfc1 a6 21. Bf1 Bf6 22. Nc4 Bxa1 23. Rxa1 Bd7 24. Nd6 Bc6 25. Be2 Ke7 26. Nxe4 f6 27. Nd6 e5 28. Bc4 Rgd8 29. h3 1-0

[Event "Titled Tuesday intern op 12th Mar Late"]
[Site "Chess.com INT"]
[Date "2024.03.12"]
[Round "9"]
[White "Kuzubov, Yuriy"]
[Black "Grischuk, Alexander"]
[Result "0-1"]
[WhiteElo "2605"]
[BlackElo "2732"]
[PlyCount "102"]
[EventDate "2024.03.12"]
[EventType "swiss (blitz)"]
[EventRounds "11"]
[EventCountry "USA"]
[SourceTitle "CB12_2024"]
[SourceDate "2023.10.01"]
[SourceVersion "1"]
[SourceVersionDate "2023.10.01"]
[SourceQuality "1"]

1. d4 e6 2. c4 b6 3. Nf3 Bb7 4. g3 Bb4+ 5. Nc3 Bxc3+ 6. bxc3 f5 7. Bg2 Nf6 8. 0-0 0-0 9. Bg5 Be4 10. Re1 Nc6 11. Bf1 Na5 12. Nd2 Bb7 13. e3 Qe8 14. Bxf6 Rxf6 15. Nb3 Nc6 16. Bg2 Nd8 17. d5 d6 18. a4 e5 19. a5 Rf8 20. axb6 axb6 21. Rxa8 Bxa8 22. Qa1 Nf7 23. Qa7 Qc8 24. f4 Re8 25. Kf2 g6 26. Nd2 Bb7 27. Ra1 Kg7 28. Nf3 h6 29. Ne1 g5 30. Nd3 Kf6 31. h4 gxf4 32. gxf4 Kg7 33. Bh3 Kh8 34. Rg1 Rg8 35. Rxg8+ Kxg8 36. e4 Qd8 37. Qxb7 Qxh4+ 38. Kg2 exf4 39. Qc8+ Kg7 40. Nf2 Qg3+ 41. Kf1 fxe4 42. Qg4+ Qxg4 43. Bxg4 Ne5 44. Bh5 e3 45. Nh3 f3 46. Nf4 Kf6 47. Ke1 Kf5 48. Ne6 Nd3+ 49. Kd1 e2+ 50. Kc2 e1Q 51. Nd4+ Kf6 0-1

[Event "Moscow Aeroflot op-A"]
[Site "Moscow"]
[Date "2024.03.04"]
[Round "3"]
[White "Grischuk, Alexander"]
[Black "Kezin, Roman"]
[Result "1-0"]
[WhiteElo "2732"]
[BlackElo "2486"]
[PlyCount "93"]
[EventDate "2024.03.03"]
[EventType "swiss"]
[EventRounds "9"]
[EventCountry "RUS"]
[SourceTitle "CB11_2024"]
[SourceDate "2024.03.13"]
[SourceVersion "1"]
[SourceVersionDate "2024.03.13"]
[SourceQuality "1"]

1. e4 c5 2. Nf3 e6 3. b3 Nc6 4. Bb2 a6 5. c4 Nf6 6. e5 Ng4 7. h3 Nh6 8. Nc3 Nf5 9. Bd3 d6 10. Bxf5 exf5 11. Nd5 Be6 12. Qe2 Bxd5 13. cxd5 Nxe5 14. 0-0 Qe7 15. d4 Ng6 16. Qc2 0-0-0 17. Rfe1 Qd7 18. b4 c4 19. Qxc4+ Kb8 20. a4 Rc8 21. Qb3 Be7 22. b5 Bd8 23. bxa6 Ka7 24. Ba3 Ba5 25. Qxb7+ Qxb7 26. axb7 Kxb7 27. Reb1+ Ka6 28. Bxd6 Rhd8 29. Bb4 Rxd5 30. Bxa5 Rxa5 31. Rb4 Nf4 32. Rab1 Rc7 33. g3 Nd5 34. Rb8 Ka7 35. R8b5 Rxb5 36. Rxb5 Nc3 37. Rxf5 f6 38. Kg2 Ka6 39. h4 Nxa4 40. h5 h6 41. Nh4 Rd7 42. Rf4 Nc3 43. Nf5 Nb5 44. Rg4 Rd5 45. Nxg7 Nxd4 46. Rg6 Rg5 47. f4 1-0

[Event "Moscow Aeroflot op-A"]
[Site "Moscow"]
[Date "2024.03.03"]
[Round "2"]
[White "Faizrakhmanov, Ramil"]
[Black "Grischuk, Alexander"]
[Result "0-1"]
[WhiteElo "2454"]
[BlackElo "2732"]
[PlyCount "100"]
[EventDate "2024.03.03"]
[EventType "swiss"]
[EventRounds "9"]
[EventCountry "RUS"]
[SourceTitle "CB11_2024"]
[SourceDate "2024.03.13"]
[SourceVersion "1"]
[SourceVersionDate "2024.03.13"]
[SourceQuality "1"]

1. e4 e5 2. Nf3 Nc6 3. Bc4 Nf6 4. d3 Be7 5. Nc3 d6 6. a4 0-0 7. 0-0 Bg4 8. h3 Bh5 9. Nd5 Nxd5 10. Bxd5 Nb4 11. Bb3 a5 12. c3 Na6 13. Be3 c6 14. g4 Bg6 15. Nd2 Nc7 16. f4 exf4 17. Bxf4 d5 18. Be3 Bg5 19. Qf3 Bxe3+ 20. Qxe3 dxe4 21. Nxe4 Nd5 22. Qd4 Qc7 23. Rf3 Bxe4 24. dxe4 Nf4 25. Qf2 Ng6 26. Rd1 Ne5 27. Rf5 Rae8 28. Kh1 Re7 29. Ba2 b6 30. Qf4 Qb8 31. h4 Ng6 32. Qxb8 Rxb8 33. h5 Ne5 34. g5 g6 35. Rf6 gxh5 36. Rd2 Kg7 37. Kg2 b5 38. axb5 Rxb5 39. Kg3 a4 40. Kh4 Reb7 41. Rff2 h6 42. Kxh5 hxg5 43. Rf5 f6 44. Rd8 Rxb2 45. Rxe5 Rh2+ 46. Kg4 fxe5 47. Bc4 Ra7 48. Kxg5 a3 49. Rd1 a2 50. Ra1 Rf2 0-1

[Event "Titled Tuesday intern op 27th Feb Late"]
[Site "Chess.com INT"]
[Date "2024.02.27"]
[Round "1"]
[White "Goncalves, Samuel Jesus P"]
[Black "Grischuk, Alexander"]
[Result "1-0"]
[WhiteElo "2219"]
[BlackElo "2732"]
[PlyCount "85"]
[EventDate "2024.02.27"]
[EventType "swiss (blitz)"]
[EventRounds "11"]
[EventCountry "USA"]
[SourceTitle "CB10_2024"]
[SourceDate "2024.03.06"]
[SourceVersion "1"]
[SourceVersionDate "2024.03.06"]
[SourceQuality "1"]

1. Nf3 d5 2. g3 c6 3. Bg2 Bg4 4. 0-0 Nf6 5. c4 e6 6. cxd5 exd5 7. h3 Bh5 8. d3 Be7 9. Nc3 0-0 10. e4 Na6 11. e5 Nd7 12. d4 Nc7 13. Qb3 Ne6 14. Be3 Qb6 15. Qxb6 axb6 16. g4 Bg6 17. Nd2 Bd3 18. Rfd1 f5 19. Nxd5 Bh4 20. Nf3 Be4 21. Nxh4 Bxd5 22. Bxd5 cxd5 23. gxf5 Nd8 24. a3 Nc6 25. Rac1 b5 26. Kh2 Ra4 27. e6 Nf6 28. Rc5 b4 29. Rb5 bxa3 30. bxa3 Na5 31. Bd2 Nc6 32. Bb4 Rb8 33. Bd6 Re8 34. Rxb7 Nxd4 35. Rg1 Nxe6 36. fxe6 Rxh4 37. Rgxg7+ Kh8 38. Be5 Rxe6 39. Rge7 Rxe5 40. Rxe5 Rh6 41. Rf5 Kg8 42. a4 Ne4 43. Rxd5 1-0

[Event "Moscow CC Levitov Blitz m"]
[Site "Moscow"]
[Date "2024.02.16"]
[Round "10"]
[White "Grischuk, Alexander"]
[Black "Kramnik, Vladimir"]
[Result "1/2-1/2"]
[WhiteElo "2732"]
[BlackElo "2753"]
[PlyCount "63"]
[EventDate "2024.02.16"]
[EventType "match (blitz)"]
[EventRounds "10"]
[EventCountry "RUS"]
[SourceTitle "CB08_2024"]
[SourceDate "2024.02.21"]
[SourceVersion "1"]
[SourceVersionDate "2024.02.21"]
[SourceQuality "1"]

1. d4 Nf6 2. c4 e6 3. Nf3 b6 4. g3 Bb7 5. Bg2 Be7 6. 0-0 Qc8 7. Nc3 Ne4 8. Bd2 0-0 9. d5 Nxd2 10. Qxd2 Na6 11. h4 f5 12. Rac1 Qe8 13. Rfd1 Rd8 14. e3 c6 15. Qe2 Nc5 16. dxc6 Bxc6 17. Nd4 Bxg2 18. Kxg2 Bf6 19. b4 Ne4 20. Nxe4 fxe4 21. Qg4 Qf7 22. Rc2 Rc8 23. Qxe4 Bxd4 24. Rxd4 Rc7 25. Qf4 Qg6 26. Qxc7 Qxc2 27. Rf4 Rxf4 28. exf4 Qe4+ 29. Kg1 Qe1+ 30. Kg2 Qe4+ 31. Kg1 Qe1+ 32. Kg2 1/2-1/2

[Event "Moscow CC Levitov Blitz m"]
[Site "Moscow"]
[Date "2024.02.16"]
[Round "7"]
[White "Kramnik, Vladimir"]
[Black "Grischuk, Alexander"]
[Result "1-0"]
[WhiteElo "2753"]
[BlackElo "2732"]
[PlyCount "51"]
[EventDate "2024.02.16"]
[EventType "match (blitz)"]
[EventRounds "10"]
[EventCountry "RUS"]
[SourceTitle "CB08_2024"]
[SourceDate "2024.02.21"]
[SourceVersion "1"]
[SourceVersionDate "2024.02.21"]
[SourceQuality "1"]

1. e4 e5 2. Nf3 Nc6 3. Bc4 Bc5 4. d3 Nf6 5. 0-0 d6 6. c3 a6 7. Re1 Ba7 8. a4 h6 9. b4 0-0 10. Nbd2 Ne7 11. h3 Be6 12. Bxe6 fxe6 13. Qb3 Nh5 14. Qxe6+ Kh7 15. Nf1 Ng6 16. d4 Ngf4 17. Bxf4 Nxf4 18. Qg4 Rf6 19. Ne3 Rg6 20. Qf5 Qe7 21. Nd5 Nxd5 22. exd5 Rf8 23. Qe4 Qf6 24. Nh4 Qxf2+ 25. Kh1 Rff6 26. Rf1 1-0

[Event "Titled Tuesday intern op 13th Feb Late"]
[Site "Chess.com INT"]
[Date "2024.02.13"]
[Round "6"]
[White "Grischuk, Alexander"]
[Black "Anton Guijarro, David"]
[Result "1-0"]
[WhiteElo "2732"]
[BlackElo "2672"]
[PlyCount "67"]
[EventDate "2024.02.13"]
[EventType "swiss (blitz)"]
[EventRounds "11"]
[EventCountry "USA"]
[SourceTitle "CB08_2024"]
[SourceDate "2024.02.21"]
[SourceVersion "1"]
[SourceVersionDate "2024.02.21"]
[SourceQuality "1"]

1. d4 d5 2. c4 e6 3. Nc3 c6 4. Nf3 dxc4 5. e4 b5 6. a4 Bb4 7. Be2 Bb7 8. 0-0 a6 9. Bg5 Ne7 10. e5 h6 11. Bh4 g5 12. Bg3 Nf5 13. Ne4 Nd7 14. b3 c5 15. Nd6+ Nxd6 16. exd6 Bc3 17. bxc4 Bxa1 18. Qxa1 0-0 19. cxb5 axb5 20. Bxb5 Bxf3 21. gxf3 cxd4 22. Qxd4 Qf6 23. Qe3 Rfd8 24. Rc1 Qf5 25. h4 Nf6 26. Rc5 Nd5 27. Qe4 Qh3 28. hxg5 hxg5 29. d7 Kg7 30. Rxd5 Rh8 31. Rxg5+ Kh6 32. Rg4 f5 33. Qxe6+ Kh5 34. Qg6# 1-0

[Event "Titled Tuesday intern op 13th Feb Late"]
[Site "Chess.com INT"]
[Date "2024.02.13"]
[Round "7"]
[White "Grischuk, Alexander"]
[Black "Durarbayli, Vasif"]
[Result "1-0"]
[WhiteElo "2732"]
[BlackElo "2627"]
[PlyCount "63"]
[EventDate "2024.02.13"]
[EventType "swiss (blitz)"]
[EventRounds "11"]
[EventCountry "USA"]
[SourceTitle "CB08_2024"]
[SourceDate "2024.02.21"]
[SourceVersion "1"]
[SourceVersionDate "2024.02.21"]
[SourceQuality "1"]

1. d4 d5 2. c4 c6 3. Nf3 Nf6 4. Nc3 e6 5. Bg5 dxc4 6. e4 h6 7. Bxf6 Qxf6 8. Bxc4 Nd7 9. e5 Qd8 10. 0-0 Be7 11. Qe2 b5 12. Bd3 Bb7 13. Rad1 a6 14. Be4 Qb6 15. Rfe1 Rd8 16. h4 g5 17. Nh2 gxh4 18. Qh5 b4 19. Ne2 c5 20. Bxb7 Qxb7 21. Nf4 Rg8 22. Nf3 h3 23. d5 Nf8 24. Qxh3 exd5 25. e6 Rg7 26. Ne5 Rd6 27. Nxf7 Rxe6 28. Nxe6 Rxf7 29. Nxf8 Kxf8 30. Qxh6+ Kg8 31. Rd3 Bf8 32. Rg3+ 1-0

[Event "Titled Tuesday intern op 13th Feb Late"]
[Site "Chess.com INT"]
[Date "2024.02.13"]
[Round "5"]
[White "Santos Ruiz, Miguel"]
[Black "Grischuk, Alexander"]
[Result "0-1"]
[WhiteElo "2596"]
[BlackElo "2732"]
[PlyCount "90"]
[EventDate "2024.02.13"]
[EventType "swiss (blitz)"]
[EventRounds "11"]
[EventCountry "USA"]
[SourceTitle "CB08_2024"]
[SourceDate "2024.02.21"]
[SourceVersion "1"]
[SourceVersionDate "2024.02.21"]
[SourceQuality "1"]

1. e4 e5 2. Nf3 Nc6 3. Bc4 Bc5 4. d3 Nf6 5. h3 d6 6. c3 a6 7. a4 Ba7 8. Nbd2 0-0 9. 0-0 h6 10. Re1 Be6 11. Bxe6 fxe6 12. Nf1 a5 13. Be3 Bxe3 14. Rxe3 d5 15. exd5 Nxd5 16. Re4 Nf4 17. Nxe5 Qg5 18. Qg4 Nxe5 19. Qxg5 Nf3+ 20. gxf3 Nxh3+ 21. Kg2 Nxg5 22. Re3 Rf4 23. Nd2 Raf8 24. d4 b6 25. Rh1 R8f6 26. Kg3 Kf7 27. Rh4 Rxh4 28. Kxh4 Rf5 29. Nc4 Kf6 30. Ne5 Nf7 31. Nd3 e5 32. dxe5+ Nxe5 33. Nxe5 Rxe5 34. f4 g5+ 35. fxg5+ hxg5+ 36. Kg4 Rxe3 37. fxe3 c5 38. e4 Ke5 39. Kxg5 Kxe4 40. Kf6 Kd3 41. Ke5 Kc2 42. Kd5 Kxb2 43. Kc4 Kc2 44. Kb5 Kxc3 45. Kxb6 Kb4 0-1

[Event "Titled Tuesday intern op 13th Feb Late"]
[Site "Chess.com INT"]
[Date "2024.02.13"]
[Round "1"]
[White "Shton, Roman"]
[Black "Grischuk, Alexander"]
[Result "0-1"]
[WhiteElo "2020"]
[BlackElo "2732"]
[PlyCount "82"]
[EventDate "2024.02.13"]
[EventType "swiss (blitz)"]
[EventRounds "11"]
[EventCountry "USA"]
[SourceTitle "CB08_2024"]
[SourceDate "2024.02.21"]
[SourceVersion "1"]
[SourceVersionDate "2024.02.21"]
[SourceQuality "1"]

1. d4 e6 2. Nf3 c5 3. g3 cxd4 4. Nxd4 d5 5. Bg2 Nf6 6. Kf1 e5 7. Nb3 Be7 8. c4 d4 9. e3 Nc6 10. exd4 exd4 11. Bxc6+ bxc6 12. Qxd4 Bh3+ 13. Kg1 Qc8 14. Nc3 0-0 15. Bf4 Qg4 16. Qe3 Rfe8 17. f3 Qg6 18. Qf2 h5 19. Ne2 Rad8 20. Bc7 Rd7 21. Nf4 Qf5 22. Nxh3 Qxh3 23. Bf4 Red8 24. Re1 Bb4 25. Rf1 a5 26. Qg2 Qf5 27. h3 a4 28. Nc1 Rd2 29. Bxd2 Rxd2 30. Ne2 Qd3 31. Re1 Rxb2 32. Kh2 Bxe1 33. Rxe1 Rxa2 34. Qf2 a3 35. Kg1 Rc2 36. Nf4 Qxc4 37. Qe3 a2 38. Qa7 Rc1 39. Qb8+ Kh7 40. Kf2 Rxe1 41. Kxe1 a1Q+ 0-1

[Event "Chessable Play In Match D2"]
[Site "Chess.com INT"]
[Date "2024.02.01"]
[Round "2.1"]
[White "Bok, Benjamin"]
[Black "Grischuk, Alexander"]
[Result "1-0"]
[WhiteElo "2620"]
[BlackElo "2732"]
[PlyCount "83"]
[EventDate "2024.02.01"]
[EventType "k.o. (rapid)"]
[EventRounds "2"]
[EventCountry "USA"]
[SourceTitle "CB06_2024"]
[SourceDate "2024.02.07"]
[SourceVersion "1"]
[SourceVersionDate "2024.02.07"]
[SourceQuality "1"]

1. d4 d5 2. c4 c6 3. Nc3 Nf6 4. e3 e6 5. Nf3 Nbd7 6. Qc2 Bd6 7. b3 0-0 8. Be2 b6 9. 0-0 Bb7 10. Bb2 Rc8 11. Rad1 c5 12. cxd5 exd5 13. dxc5 bxc5 14. Qf5 Qe7 15. Rfe1 Qe6 16. Bd3 h6 17. Bb1 Rfe8 18. Ne2 Rcd8 19. Ng3 Qxf5 20. Nxf5 Bf8 21. Rc1 a5 22. Bd3 Re6 23. Bb5 Bc6 24. N3d4 Bxb5 25. Nxb5 a4 26. bxa4 Ra6 27. Red1 Rb8 28. Ba1 g6 29. Ng3 Rxa4 30. Nc3 Ra3 31. Nxd5 Nxd5 32. Rxd5 Nb6 33. Rd2 Rba8 34. Rcc2 R8a4 35. h3 Rc4 36. Rxc4 Nxc4 37. Rc2 Nb6 38. Ne4 f5 39. Nxc5 Bxc5 40. Rxc5 Rxa2 41. Bd4 Nd7 42. Rc7 1-0